000 00733nam a2200253 i 4500
001 C2-0074013
003 PPAK
005 20180727080445.0
008 970429s1993 enka|||| ||||| | eng d
020 _a0571164579
040 _aPPAK
_beng
_cPPAK
_erda
082 0 4 _a956.70442
_223
090 0 0 _a956.70442
_bFRE
_dG
100 1 _aFreedman, Lawrence,
_eauthor
245 1 4 _aThe Gulf conflict 1990-1991
_bdiplomacy and war in the World Order
264 1 _aLondon :
_bFaber and Faber ,
_c1993
300 _axix, 504 pages :
_billustrations ;
_c24 cm
336 _2rdacontent
_atext
337 _2rdamedia
_aunmediated
338 _2rdacarrier
_avolume
650 1 0 _aPerisan Gulf War, 1991
700 _eauthor
942 _ddc
_cB
999 _c10374
_d10374